LEADER 01080nam a2200241 u 4500 001 000000014165 003 CaOOAMICUS 005 20070226105731.0 008 940517s1967 fr u000 u fre u 035 $a10336954 040 $aPUL(R)$bita 100 1 $aCamus, Pierre-Marie.$0(OLS)http://pul/name/13173 245 10$aAmmien Marcellin :$btémoin des courants culturels et religieux a la fin du IVe siécle /$cpar Pierre-Marie Camus. 260 $aParis :$bBelles Lettres,$c1967. 300 $a286 p. ;$c20 cm 504 $aBibliografia: p. 281-286. 600 04$aAmmianus Marcellinus,$d330-395$tHistoriae$9(Ammianus Marcellinus, 330-395).$0(OLS)http://pul/subject/10015 850 $aPUL 852 $aPUL$W1$xSL Filosofia 1$y2$m108 C 33$j19906$nBK-PRI$b $qStampati$B19906$CPULBib$Z2$F19906 $H $81 941 1 $a8 961 $aINV: 38315 996 $6245$aAmmien Marcellin :$btémoin des courants culturels et religieux a la fin du IVe siécle$9(OLS)http://pul/title/20387 996 $6260$aParis :$bBelles Lettres$9(OLS)http://pul/publisher/48155 LEADER 01670nam a2200349 a 4500 001 000000164359 003 CaOOAMICUS 005 20171120093407.0 008 171120m19251926it u000 u ita r 032 $aLibriCat 040 $aPUL$bita 100 1 $aPiola, Giuseppe.$0(OLS)http://pul/name/105675 245 10$aDelle persone incapaci /$cavv. Giuseppe Piola. 250 $a2. ed. messa al corrente della recente dottrina e giurisprudenza / dall'avv. Raffaele Sabato. 260 $aNapoli :$bE. Marghieri ;$aTorino :$bUTET,$c1925-1926. 300 $a2 v. ;$c24 cm. 490 1 $aIl diritto civile italiano secondo la dottrina e la giurisprudenza 500 $aSul frontespizio della serie: parte seconda. Delle persone. 650 4$aPersone (diritto).$0(OLS)http://pul/subject/33872 650 4$aDiritto civile$zItalia.$0(OLS)http://pul/subject/3770 700 1 $aSabato, Raffaele.$0(OLS)http://pul/name/105676 830 3$aIl diritto civile italiano secondo la dottrina e la giurisprudenza.$0(OLS)http://pul/title/204040 850 $aPUL 852 $aPUL$W1$xDP2 Diritto e Scienze Sociali 1$y65$m250 F 1.6$j188484$bv. 1$qStampati$B191650$CPULBib$Z2$F191650 $81 852 $aPUL$W1$xDP2 Diritto e Scienze Sociali 1$y65$m250 F 1.7$j188485$bv. 2$qStampati$B191651$CPULBib$Z2$F191651 $81 941 1 $a8 961 $aEx libris: U.mi Viri A. Borettini. 961 $aEx libris: U.mi Viri A. Borettini. 996 $6245$aDelle persone incapaci$9(OLS)http://pul/title/204042 996 $6260$aNapoli :$bE. Marghieri$9(OLS)http://pul/publisher/53540 996 $6260$aTorino :$bUTET$9(OLS)http://pul/publisher/48088